LEADER 01580nam a2200289 i 4500 001 000000042037 003 CaOOAMICUS 005 20050307000000.0 008 050307s1994 it u000 u ita u 013 $a13207 020 $a88-86043-05-8 040 $aSeMil$bita 245 12$aI rapporti tra le comunità monastiche benedettine italiane tra Alto e Pieno Medioevo :$batti del 3. convegno del Centro di Studi Farfensi, Santa Vittoria in Matenano 11-12-13 settembre 1992. 260 $aNegarine di S. Pietro in Cariano (Verona) :$bIl Segno,$c1994. 300 $a307 p. :$b[27] p. di tav. :$bill. ;$c24 cm. 490 0 $aScuola di memoria storica ;$v3 500 $aSugue : Appendice. 650 4$aMonachesimo - Storia.$0(OLS)http://semarc/subject/938 650 4$aBenedettini.$0(OLS)http://semarc/subject/939 700 1 $aConvegno del «Centro di Studi Farfensi» <3 ; 1992 ; Santa Vittoria in Matenano>.$0(OLS)http://semarc/name/20739 830 0$aScuola di memoria storica ;$v3.$0(OLS)http://semarc/title/16440 850 $aSeMil 852 $aSeMil$W1$xVenegono$y1$m3A V 3$j8192$B8192$CSeMilBibl$Z2$F8192 $81 961 $aAcquisto: Casa editrice 996 $6020$a88-86043-05-8$9(OLS)http://semarc/number/13106 996 $6245$aI rapporti tra le comunità monastiche benedettine italiane tra Alto e Pieno Medioevo :$batti del 3. convegno del Centro di Studi Farfensi, Santa Vittoria in Matenano 11-12-13 settembre 1992$9(OLS)http://semarc/title/61160 996 $6260$aNegarine di S. Pietro in Cariano (Verona) :$bIl Segno$9(OLS)http://semarc/publisher/32724 LEADER 00835nam a2200205 i 4500 001 000000098871 003 CaOOAMICUS 005 20130821000000.0 008 130821s1995 xx u000 u und u 013 $a71023 040 $aSeMil$bita 245 10$aCon dio e contro Dio. Novecento teologico. 3. Il Dio dei teologi. 260 $aSettimo Milanese :$bMarzorati,$c1995. 300 $a809 p. 650 4$aTeologia contemporanea.$0(OLS)http://semarc/subject/1194 700 1 $aNegri, Antimo,$d<1923-2005>.$0(OLS)http://semarc/name/579 850 $aSeMil 852 $aSeMil$W1$xVenegono$y1$m174 2 3 *$j56579$B56579$CSeMilBibl$Z2$F66382 $81 996 $6245$aCon dio e contro Dio. Novecento teologico. 3. Il Dio dei teologi$9(OLS)http://semarc/title/146617 996 $6260$aSettimo Milanese :$bMarzorati$9(OLS)http://semarc/publisher/29992